[Event "17th ch-EU U18 Boys"]
[Site "Sibenik CRO"]
[Date "2007.09.20"]
[Round "7"]
[White "Katov, L."]
[Black "Froewis, G."]
[Result "1/2-1/2"]
[WhiteElo "2277"]
[BlackElo "2208"]
[PlyCount "87"]
[EventDate "2007.09.14"]

1. e4 e6 2. d4 d5 3. Nc3 Bb4 4. e5 c5 5. Bd2 Ne7 6. Nb5 Bxd2+ 7. Qxd2 O-O 8. f4
a6 9. Nd6 cxd4 10. Nf3 Nbc6 11. Bd3 f6 12. O-O Bd7 13. Qf2 Nc8 14. Qh4 h6 15.
Nxc8 Rxc8 16. a3 fxe5 17. Qxd8 Rcxd8 18. Nxe5 Nxe5 19. fxe5 Bb5 20. Bxb5 axb5
21. Rad1 Rc8 22. Rd2 Rf7 23. Rff2 d3 24. c3 d4 25. Rxf7 dxc3 26. Rxd3 c2 27.
Rf1 c1=Q 28. Rd8+ Kh7 29. Rxc1 Rxc1+ 30. Kf2 Kg6 31. b4 Rc7 32. Rd6 Kf5 33. Rb6
Kxe5 34. Rxb5+ Kd4 35. Rb6 e5 36. Rd6+ Ke4 37. a4 Rc2+ 38. Kg3 b5 39. axb5 Rb2
40. Rg6 Kd3 41. Rxg7 e4 42. b6 Rxb4 43. b7 Rb6 44. h4 1/2-1/2

[Event "17th ch-EU U18 Boys"]
[Site "Sibenik CRO"]
[Date "2007.09.20"]
[Round "7"]
[White "Guramishvili, S."]
[Black "Stojanovski, St"]
[Result "1-0"]
[WhiteElo "2273"]
[BlackElo "1980"]
[PlyCount "75"]
[EventDate "2007.09.14"]

1. g3 Nf6 2. Bg2 d5 3. d4 c5 4. Nf3 Nc6 5. O-O e6 6. c3 Be7 7. dxc5 Bxc5 8. b4
Be7 9. a3 O-O 10. Nbd2 Bd7 11. Bb2 Rc8 12. Rc1 b5 13. Re1 e5 14. e4 dxe4 15.
Nxe4 Nxe4 16. Rxe4 Bf5 17. Re1 f6 18. Qb3+ Kh8 19. Bf1 Qb6 20. Nh4 Bg4 21. a4
bxa4 22. Qxa4 f5 23. Ng2 f4 24. gxf4 exf4 25. Qa6 Qc7 26. Re4 Bd6 27. b5 Ne5
28. c4 Nf3+ 29. Kh1 Nxh2 30. c5 Qf7 31. Qxd6 Nf3 32. Nxf4 Ng5 33. Re7 Qxf4 34.
Bxg7+ Kg8 35. Bc4+ Ne6 36. Bxe6+ Bxe6 37. Qxe6+ Rf7 38. Qxc8+ 1-0

[Event "17th ch-EU U18 Boys"]
[Site "Sibenik CRO"]
[Date "2007.09.20"]
[Round "7"]
[White "Gaehler, M."]
[Black "Cartas, O."]
[Result "1-0"]
[WhiteElo "2272"]
[BlackElo "2111"]
[PlyCount "80"]
[EventDate "2007.09.14"]

1. e4 e6 2. d4 d5 3. Nc3 dxe4 4. Nxe4 Bd7 5. Nf3 Bc6 6. Bd3 Nd7 7. O-O Ngf6 8.
Ng3 Be7 9. c4 Nf8 10. Ne5 Ng6 11. Nxc6 bxc6 12. Be3 O-O 13. Qf3 Rb8 14. b3 Qd6
15. Rad1 Rbd8 16. Bb1 Nh4 17. Qe2 Qb4 18. Bg5 Ng6 19. h4 Nd7 20. Bd2 Qb7 21. h5
Nh4 22. Qe4 g6 23. Bc3 Rfe8 24. Rfe1 Qa8 25. Qf4 Qb7 26. Be4 f5 27. Bc2 g5 28.
Qd2 f4 29. Qd3 Nf8 30. Ne4 Qc8 31. Bb2 e5 32. f3 g4 33. Nf2 gxf3 34. gxf3 Bb4
35. Ng4 Bxe1 36. Rxe1 Rd7 37. d5 Rg7 38. Kf2 Nxf3 39. Nh6+ Kh8 40. Qxf3 Nd7 1-0

[Event "17th ch-EU U18 Boys"]
[Site "Sibenik CRO"]
[Date "2007.09.20"]
[Round "7"]
[White "Novosel, T."]
[Black "Galazewski, T."]
[Result "1-0"]
[WhiteElo "2072"]
[BlackElo "2259"]
[PlyCount "71"]
[EventDate "2007.09.14"]

1. d4 Nf6 2. Nf3 e6 3. e3 b6 4. Bd3 Bb7 5. Nbd2 Be7 6. O-O d6 7. b3 Nbd7 8. Bb2
c5 9. c4 O-O 10. Re1 Rc8 11. Rc1 Rc7 12. Qe2 Qa8 13. e4 cxd4 14. Nxd4 Ne5 15.
Bb1 Ng6 16. Qd3 Rc5 17. N2f3 Rd8 18. b4 Re5 19. Nd2 Rh5 20. Qc3 Bf8 21. Ne2 d5
22. cxd5 exd5 23. Ng3 Rg5 24. a3 h5 25. Qe3 Nh7 26. Nf3 Rg4 27. h3 Rf4 28. Nxh5
Rxf3 29. Qxf3 dxe4 30. Qg4 Rd5 31. h4 Rb5 32. Ba2 Ne5 33. Qf4 Qe8 34. Rc7 Bd5
35. Bxd5 Rxd5 36. Qxe4 1-0

[Event "17th ch-EU U18 Boys"]
[Site "Sibenik CRO"]
[Date "2007.09.20"]
[Round "7"]
[White "Ertan, C."]
[Black "Narmontas, T."]
[Result "1-0"]
[WhiteElo "1965"]
[BlackElo "2227"]
[PlyCount "61"]
[EventDate "2007.09.14"]

1. e4 c5 2. Nf3 Nc6 3. d4 cxd4 4. Nxd4 Nf6 5. Nc3 g6 6. Nxc6 bxc6 7. e5 Ng8 8.
Bc4 Qa5 9. O-O Ba6 10. b4 Qxb4 11. Bxa6 Qxc3 12. Rb1 Qa5 13. Rb7 Rd8 14. Qd3 e6
15. Rd1 d5 16. exd6 Bxd6 17. Qf3 Ne7 18. Qf6 O-O 19. Rxd6 Qe1+ 20. Bf1 Nd5 21.
Rxd5 Rxd5 22. Bh6 Qe5 23. Qe7 Rdd8 24. Bxf8 Rxf8 25. g3 a5 26. Qd7 Qc3 27. Bd3
c5 28. Rc7 e5 29. Kg2 h5 30. Bxg6 e4 31. Bxe4 1-0

[Event "17th ch-EU U18 Boys"]
[Site "Sibenik CRO"]
[Date "2007.09.20"]
[Round "7"]
[White "Filip, Ma"]
[Black "Dinger, F."]
[Result "0-1"]
[WhiteElo "2050"]
[BlackElo "2332"]
[PlyCount "102"]
[EventDate "2007.09.14"]

1. d4 Nf6 2. c4 e6 3. Nf3 b6 4. Nc3 Bb7 5. Bg5 h6 6. Bh4 d6 7. d5 e5 8. Bxf6
Qxf6 9. e4 Nd7 10. Qc2 h5 11. h4 g6 12. O-O-O Bh6+ 13. Kb1 a6 14. Ne1 Ke7 15.
g3 Raf8 16. Bh3 Kd8 17. b4 Qe7 18. Na4 Bc8 19. Ng2 f5 20. Ne3 f4 21. Nf1 fxg3
22. fxg3 Rf6 23. Rd3 Rhf8 24. Rc3 Nb8 25. Ne3 Bxh3 26. Rxh3 Rf3 27. Nd1 Qd7 28.
Rh2 Qg4 29. Rg2 Rf1 30. Nab2 Re1 31. c5 bxc5 32. bxc5 Rff1 33. cxd6 cxd6 34.
Rf2 Rxd1+ 35. Nxd1 Qxd1+ 36. Qxd1 Rxd1+ 37. Kb2 Rd2+ 38. Rxd2 Bxd2 39. Rc2 Be1
40. Rg2 Nd7 41. g4 Nf6 42. gxh5 gxh5 43. Rh2 Nxe4 44. Re2 Nc5 45. Kc2 Bxh4 46.
Rh2 Bg3 47. Rxh5 Kc7 48. Rh7+ Kb6 49. Rg7 Bf4 50. Rg6 e4 51. Kc3 Kb5 0-1

[Event "17th ch-EU U18 Boys"]
[Site "Sibenik CRO"]
[Date "2007.09.20"]
[Round "7"]
[White "Green, An"]
[Black "Ocnarescu, V."]
[Result "1/2-1/2"]
[WhiteElo "1951"]
[BlackElo "2215"]
[PlyCount "77"]
[EventDate "2007.09.14"]

1. e4 c5 2. Nf3 d6 3. d4 cxd4 4. Nxd4 Nf6 5. Nc3 g6 6. Be3 Bg7 7. Bc4 O-O 8. f3
Nc6 9. Qd2 Bd7 10. O-O-O Qa5 11. Kb1 Rfc8 12. Bb3 Ne5 13. Bg5 Nc4 14. Bxc4 Rxc4
15. Nb3 Qe5 16. Rhe1 Rxc3 17. bxc3 Be6 18. a4 Bc4 19. f4 Qe6 20. e5 Nd5 21. Na5
Ba2+ 22. Ka1 dxe5 23. fxe5 Bxe5 24. Rxe5 Qxe5 25. Re1 Qc7 26. c4 Bxc4 27. Re4
Nb6 28. Qc3 Rc8 29. Rxe7 Qd6 30. Nxc4 Nxc4 31. Bh6 Qa3+ 32. Qxa3 Nxa3 33. c3
Rb8 34. Re4 b5 35. axb5 Nxb5 36. Rb4 Rb6 37. Kb2 Nc7 38. Rxb6 axb6 39. Kb3
1/2-1/2

[Event "17th ch-EU U18 Boys"]
[Site "Sibenik CRO"]
[Date "2007.09.20"]
[Round "7"]
[White "Sarapik, K."]
[Black "Papp, T1."]
[Result "0-1"]
[WhiteElo "2060"]
[BlackElo "2281"]
[PlyCount "82"]
[EventDate "2007.09.14"]

1. d4 d5 2. Nf3 Nf6 3. Bg5 Ne4 4. Bf4 c5 5. e3 Nc6 6. c3 Qb6 7. Qb3 c4 8. Qxb6
axb6 9. Nbd2 Nxd2 10. Nxd2 b5 11. Be2 f6 12. e4 e5 13. exd5 Nxd4 14. cxd4 exf4
15. O-O Bb4 16. Ne4 Bf5 17. Nc5 O-O 18. Ne6 Rfe8 19. Bf3 Bd6 20. a3 b6 21. Rfe1
b4 22. axb4 Bxb4 23. Rec1 Bd6 24. h3 Bd3 25. Re1 Rec8 26. Rec1 h6 27. h4 g6 28.
Re1 f5 29. Kh2 Kf7 30. Rec1 Kf6 31. g3 fxg3+ 32. fxg3 g5 33. h5 Rxa1 34. Rxa1
c3 35. bxc3 Rxc3 36. Ra7 Bb5 37. Kg2 g4 38. Bd1 Rxg3+ 39. Kf2 Rh3 40. Ng7 Rh2+
41. Kg1 Rd2 0-1

[Event "17th ch-EU U18 Boys"]
[Site "Sibenik CRO"]
[Date "2007.09.20"]
[Round "7"]
[White "Mitrovic, B."]
[Black "Kociscak, J."]
[Result "0-1"]
[WhiteElo "2127"]
[BlackElo "2180"]
[PlyCount "42"]
[EventDate "2007.09.14"]

1. e4 e5 2. Nf3 Nc6 3. d4 exd4 4. Nxd4 Bc5 5. Nxc6 Qf6 6. Qd2 dxc6 7. Nc3 Bd4
8. Na4 a6 9. c3 Ba7 10. b4 Bg4 11. f3 Be6 12. Bb2 Rd8 13. Qc2 Ne7 14. Bd3 Ng6
15. O-O-O Bxa2 16. Nc5 Bxc5 17. bxc5 Qg5+ 18. Rd2 Ne5 19. Be2 Bb3 20. f4 Qxf4
21. Rf1 Qe3 0-1

[Event "17th ch-EU U18 Boys"]
[Site "Sibenik CRO"]
[Date "2007.09.21"]
[Round "8"]
[White "Mustaps, M."]
[Black "Dinger, F."]
[Result "0-1"]
[WhiteElo "2226"]
[BlackElo "2332"]
[PlyCount "58"]
[EventDate "2007.09.14"]

1. e4 c5 2. Nf3 d6 3. d4 cxd4 4. Nxd4 Nf6 5. Nc3 a6 6. Bc4 e6 7. Bb3 Nbd7 8.
Bg5 Qa5 9. Qd2 Be7 10. O-O-O Nc5 11. f3 Bd7 12. Kb1 b5 13. g4 b4 14. Nce2 Nfxe4
15. fxe4 Nxb3 16. Nxb3 Qxg5 17. Qxg5 Bxg5 18. Rxd6 Be7 19. Rb6 a5 20. Rd1 a4
21. Rxd7 Kxd7 22. Rb7+ Kc6 23. Rxe7 axb3 24. axb3 Rhf8 25. Nf4 Kd6 26. Rb7 Rab8
27. Ra7 Ke5 28. Nd3+ Kxe4 29. Nc5+ Ke3 0-1

[Event "17th ch-EU U18 Boys"]
[Site "Sibenik CRO"]
[Date "2007.09.21"]
[Round "8"]
[White "Caspi, I."]
[Black "Plenca, J."]
[Result "1-0"]
[WhiteElo "2318"]
[BlackElo "2204"]
[PlyCount "53"]
[EventDate "2007.09.14"]

1. e4 e6 2. d4 d5 3. Nd2 c5 4. exd5 exd5 5. Ngf3 Nf6 6. Bb5+ Nc6 7. O-O Be7 8.
dxc5 Bxc5 9. Nb3 Be7 10. Ne5 Qb6 11. Nd4 O-O 12. Nexc6 bxc6 13. Bxc6 Rb8 14.
Ba4 Bd6 15. c3 Ng4 16. h3 Ne5 17. Bc2 Ba6 18. Re1 Rfe8 19. Rb1 Qd8 20. Bf4 Qf6
21. Nf5 Nd3 22. Rxe8+ Rxe8 23. Nxd6 Nxf4 24. Nxe8 Qe7 25. Qf3 Ne2+ 26. Kh2 Qxe8
27. g3 1-0

[Event "17th ch-EU U18 Boys"]
[Site "Sibenik CRO"]
[Date "2007.09.21"]
[Round "8"]
[White "Galazewski, T."]
[Black "Roberson, P."]
[Result "1-0"]
[WhiteElo "2259"]
[BlackElo "2209"]
[PlyCount "61"]
[EventDate "2007.09.14"]

1. e4 c6 2. d4 d5 3. exd5 cxd5 4. c4 Nf6 5. Nc3 e6 6. Nf3 Bb4 7. Bd3 dxc4 8.
Bxc4 O-O 9. O-O b6 10. Bg5 Bb7 11. Ne5 Bxc3 12. bxc3 Qc7 13. Bd3 Nbd7 14. Nxd7
Nxd7 15. Re1 Qd6 16. Re3 Rfe8 17. Qh5 Nf8 18. Rae1 g6 19. Qh6 f5 20. Bf6 Qd7
21. Bb5 Qf7 22. Bxe8 Rxe8 23. Bg5 Bd5 24. a3 Rc8 25. Qh4 Rc4 26. Qf4 Ra4 27.
Qd6 Qc7 28. Be7 Qxd6 29. Bxd6 Nd7 30. Rxe6 Bxe6 31. Rxe6 1-0

[Event "17th ch-EU U18 Boys"]
[Site "Sibenik CRO"]
[Date "2007.09.21"]
[Round "8"]
[White "Vocaturo, D."]
[Black "Kociscak, J."]
[Result "1-0"]
[WhiteElo "2459"]
[BlackElo "2180"]
[PlyCount "91"]
[EventDate "2007.09.14"]

1. e4 e5 2. Nf3 Nc6 3. Bb5 a6 4. Ba4 Nf6 5. d3 b5 6. Bb3 Be7 7. O-O d6 8. c3
O-O 9. Nbd2 Na5 10. Bc2 c5 11. Re1 Nc6 12. Nf1 Re8 13. h3 h6 14. d4 cxd4 15.
cxd4 Qc7 16. Be3 Bd7 17. Rc1 Qb7 18. d5 Nb4 19. Bb1 a5 20. Qd2 Na6 21. Ng3 b4
22. Nh4 Bf8 23. Nhf5 Nc5 24. Nxd6 Bxd6 25. Bxc5 Bxc5 26. Rxc5 Rec8 27. Qe3 Ne8
28. Bd3 a4 29. Rec1 Rxc5 30. Rxc5 Rc8 31. Kh2 Rc7 32. Ra5 Nd6 33. Nh5 f6 34.
Qg3 Ne8 35. Qg6 a3 36. bxa3 Rc3 37. Be2 Rxa3 38. Rxa3 bxa3 39. Bd1 Qb2 40. Bg4
Qb5 41. Be6+ Bxe6 42. dxe6 Qc6 43. Qf7+ Kh7 44. Qd7 Qa8 45. Ng3 Qb8 46. Nf5 1-0

[Event "17th ch-EU U18 Boys"]
[Site "Sibenik CRO"]
[Date "2007.09.21"]
[Round "8"]
[White "Papp, T1."]
[Black "Cartas, O."]
[Result "1/2-1/2"]
[WhiteElo "2281"]
[BlackElo "2111"]
[PlyCount "49"]
[EventDate "2007.09.14"]

1. d4 d5 2. Nf3 c6 3. c4 e6 4. Nc3 dxc4 5. a4 Bb4 6. e4 b5 7. Bd2 Nf6 8. e5
Bxc3 9. bxc3 Nd5 10. Ng5 Qe7 11. Be2 Na6 12. Ne4 O-O 13. O-O Nac7 14. a5 h6 15.
Bc1 Rd8 16. Ba3 b4 17. cxb4 Nb5 18. Bxc4 Nxa3 19. Rxa3 Qxb4 20. Qc1 Ne7 21. Nd6
Nf5 22. Nxf5 exf5 23. Rd1 Be6 24. Bxe6 fxe6 25. Qa1 1/2-1/2

[Event "17th ch-EU U18 Boys"]
[Site "Sibenik CRO"]
[Date "2007.09.21"]
[Round "8"]
[White "Narmontas, T."]
[Black "Green, An"]
[Result "1/2-1/2"]
[WhiteElo "2227"]
[BlackElo "1951"]
[PlyCount "38"]
[EventDate "2007.09.14"]

1. e4 c5 2. Nf3 g6 3. d4 cxd4 4. Nxd4 Nc6 5. c4 Bg7 6. Be3 Nf6 7. Nc3 O-O 8.
Be2 b6 9. O-O Bb7 10. f3 e6 11. Ndb5 d5 12. cxd5 exd5 13. exd5 Nb4 14. d6 Nfd5
15. Bf2 a6 16. Nxd5 Nxd5 17. Nc7 Nxc7 18. dxc7 Qxc7 19. Rc1 Qe5 1/2-1/2

[Event "17th ch-EU U18 Boys"]
[Site "Sibenik CRO"]
[Date "2007.09.21"]
[Round "8"]
[White "Stojanovski, St"]
[Black "Filip, Ma"]
[Result "1/2-1/2"]
[WhiteElo "1980"]
[BlackElo "2050"]
[PlyCount "33"]
[EventDate "2007.09.14"]

1. e4 c5 2. Nc3 e6 3. g3 Nc6 4. Bg2 g6 5. f4 Bg7 6. Nf3 d6 7. O-O Nge7 8. d3
O-O 9. Be3 Nd4 10. Qd2 Rb8 11. Nd1 b6 12. c3 Nxf3+ 13. Bxf3 f5 14. h3 Ba6 15.
Re1 d5 16. e5 Qc7 17. h4 1/2-1/2

[Event "17th ch-EU U18 Boys"]
[Site "Sibenik CRO"]
[Date "2007.09.21"]
[Round "8"]
[White "Musovic, A."]
[Black "Teixeira, RafaelG"]
[Result "0-1"]
[WhiteElo "2079"]
[BlackElo "2188"]
[PlyCount "60"]
[EventDate "2007.09.14"]

1. e4 c5 2. c3 g6 3. d4 cxd4 4. cxd4 d5 5. e5 Nc6 6. Nc3 Nh6 7. Nf3 Bg4 8. Be2
Nf5 9. Be3 e6 10. Qd2 Bxf3 11. Bxf3 Nh4 12. Rd1 f6 13. exf6 Nxf3+ 14. gxf3 Qxf6
15. f4 Bd6 16. a3 O-O 17. Ne2 Qh4 18. h3 Ne7 19. Qd3 Kh8 20. Kd2 Rac8 21. Rdg1
Ng8 22. Rg4 Qd8 23. Ke1 Nf6 24. Bd2 Qc7 25. Rgg1 Nh5 26. Rg4 Bxf4 27. Nxf4 Nxf4
28. Qg3 e5 29. Bc3 e4 30. h4 Nd3+ 0-1

[Event "17th ch-EU U18 Boys"]
[Site "Sibenik CRO"]
[Date "2007.09.21"]
[Round "8"]
[White "Bizopoulos, A."]
[Black "Sarapik, K."]
[Result "1-0"]
[WhiteElo "2075"]
[BlackElo "2060"]
[PlyCount "67"]
[EventDate "2007.09.14"]

1. e4 e5 2. Nf3 Nc6 3. Bb5 a6 4. Ba4 Nf6 5. O-O Be7 6. Re1 b5 7. Bb3 d6 8. c3
O-O 9. h3 Na5 10. Bc2 c5 11. d4 Qc7 12. Nbd2 cxd4 13. cxd4 Nc6 14. d5 Nb4 15.
Bb1 a5 16. Nf1 Bd7 17. Ne3 Rac8 18. g4 g6 19. Kh2 a4 20. Qe2 Qb7 21. Rg1 Na6
22. Bd3 Nc5 23. Nf5 gxf5 24. gxf5+ Kh8 25. Bh6 Rg8 26. Ng5 Be8 27. Nxh7 Kxh7
28. Bg5 Nxd3 29. Bxf6 Nf4 30. Rxg8 Bxf6 31. Qg4 Qa7 32. Rg1 Qxf2+ 33. Kh1 Rc2
34. Rh8+ 1-0

[Event "17th ch-EU U16 Girls"]
[Site "Sibenik CRO"]
[Date "2007.09.19"]
[Round "6"]
[White "Cacic, S."]
[Black "Ilie, M."]
[Result "1-0"]
[WhiteElo "2244"]
[BlackElo "1858"]
[PlyCount "63"]
[EventDate "2007.09.14"]

1. d4 Nf6 2. c4 g6 3. Nf3 Bg7 4. e3 O-O 5. Be2 d6 6. O-O Na6 7. Nc3 c6 8. a3
Nd7 9. Qc2 Nc7 10. b4 e5 11. Bb2 f5 12. dxe5 dxe5 13. e4 Ne6 14. exf5 gxf5 15.
Qd2 Qe7 16. Rfd1 e4 17. Ne1 Ne5 18. f3 Rd8 19. Qc1 Nd4 20. Qe3 Nxe2+ 21. Qxe2
Rxd1 22. Rxd1 Be6 23. c5 Bc4 24. Qe3 Nd3 25. Nxd3 Rd8 26. Nf2 Rxd1+ 27. Ncxd1
Bxb2 28. Nxb2 Qe5 29. Nbd1 Bd5 30. fxe4 Bxe4 31. Nxe4 fxe4 32. Qg3+ 1-0

[Event "17th ch-EU U16 Girls"]
[Site "Sibenik CRO"]
[Date "2007.09.20"]
[Round "7"]
[White "Fernandez, Laur"]
[Black "Dincel, M."]
[Result "1/2-1/2"]
[WhiteElo "2036"]
[BlackElo "1794"]
[PlyCount "77"]
[EventDate "2007.09.14"]

1. e4 e6 2. d4 d5 3. Nc3 Nf6 4. Bg5 Bb4 5. Nge2 dxe4 6. a3 Be7 7. Bxf6 Bxf6 8.
Nxe4 Be7 9. Qd3 Nd7 10. O-O-O Nf6 11. N2c3 Nxe4 12. Qxe4 c6 13. h4 Qa5 14. Rh3
Bd7 15. Rg3 g6 16. Bc4 O-O-O 17. Qf4 Rhf8 18. Ne4 Qc7 19. Qh6 Rh8 20. Rf3 f5
21. Nc3 Bf6 22. g3 Kb8 23. Rfd3 Bc8 24. Qd2 Qg7 25. f4 h6 26. Ne2 b5 27. Ba2 c5
28. Qa5 cxd4 29. Qxb5+ Ka8 30. Bxe6 Bb7 31. Bc4 Rd6 32. Qa5 Rc8 33. Bb5 Rcd8
34. Rb3 Bd5 35. Rb4 Be4 36. Bd3 Bf3 37. Rf1 Bd5 38. Ra4 Be4 39. Rd1 1/2-1/2

[Event "17th ch-EU U16 Girls"]
[Site "Sibenik CRO"]
[Date "2007.09.20"]
[Round "7"]
[White "Arce Calva, E."]
[Black "Richard, E."]
[Result "0-1"]
[WhiteElo "1841"]
[BlackElo "1962"]
[PlyCount "78"]
[EventDate "2007.09.14"]

1. e4 c5 2. Nc3 e6 3. Nge2 d5 4. g3 Nf6 5. Bg2 Nc6 6. O-O Be7 7. d3 O-O 8. f4
Rb8 9. Kh1 b5 10. e5 Nd7 11. Qe1 Qc7 12. Nd1 Nb4 13. Qd2 d4 14. g4 Bb7 15. Ng3
Bxg2+ 16. Qxg2 c4 17. Rf3 Rfc8 18. a3 Nd5 19. Ne4 Qb7 20. g5 Kh8 21. Rh3 Nc5
22. g6 fxg6 23. Qxg6 h6 24. Kg1 cxd3 25. Ng5 Bxg5 26. fxg5 Ne7 27. Qh5 Qe4 28.
cxd3 Qe1+ 29. Kg2 Nd7 30. gxh6 Rc2+ 31. Kf3 Nxe5+ 32. Qxe5 Qxe5 33. hxg7+ Kxg7
34. Bh6+ Kg6 35. Ne3 Rf8+ 36. Kg4 Rg2+ 37. Nxg2 Qf5+ 38. Kg3 Qf3+ 39. Kh4 Qh5+
0-1

[Event "17th ch-EU U16 Girls"]
[Site "Sibenik CRO"]
[Date "2007.09.20"]
[Round "7"]
[White "Remy, Ja"]
[Black "Officer, A."]
[Result "1/2-1/2"]
[WhiteElo "1927"]
[BlackElo "1815"]
[PlyCount "88"]
[EventDate "2007.09.14"]

1. e4 c5 2. Nc3 a6 3. g3 b5 4. Bg2 Bb7 5. d3 e6 6. f4 b4 7. Nce2 d5 8. e5 Ne7
9. Nf3 Nf5 10. g4 Nh4 11. Nxh4 Qxh4+ 12. Ng3 Nc6 13. Be3 h5 14. gxh5 Rc8 15.
Qd2 Rxh5 16. O-O-O Rh8 17. Bf2 Qd8 18. Qe2 Qc7 19. Rde1 a5 20. f5 Nd4 21. Qg4
a4 22. fxe6 Nxe6 23. Nf5 Qa5 24. Nd6+ Bxd6 25. exd6 Kf8 26. Bh4 b3 27. a3 bxc2
28. Rxe6 c4 29. d7 Rxh4 30. Qxh4 fxe6 31. Rf1+ Kg8 32. dxc8=Q+ Bxc8 33. dxc4
Ba6 34. Bh3 Qb6 35. Qe7 Qe3+ 36. Kxc2 Qxh3 37. Qf7+ Kh7 38. Rf3 Qxh2+ 39. Rf2
Qh3 40. cxd5 Qd3+ 41. Kc1 Qe3+ 42. Kd1 Qb3+ 43. Kc1 Qe3+ 44. Kd1 Qb3+ 1/2-1/2

[Event "17th ch-EU U16 Girls"]
[Site "Sibenik CRO"]
[Date "2007.09.20"]
[Round "7"]
[White "Haug, M."]
[Black "Batkovskyte, D."]
[Result "1-0"]
[WhiteElo "1685"]
[BlackElo "1924"]
[PlyCount "77"]
[EventDate "2007.09.14"]

1. e4 e6 2. d4 d5 3. Nc3 Nf6 4. Bg5 dxe4 5. Nxe4 Be7 6. Bxf6 Bxf6 7. Nf3 Nd7 8.
Qd2 Be7 9. O-O-O b6 10. Bd3 Bb7 11. Rhe1 O-O 12. Kb1 c5 13. dxc5 Qc7 14. cxb6
axb6 15. Nc3 Nf6 16. Nb5 Qc8 17. Ng5 Bd5 18. Nc3 Bb4 19. Nxd5 Bxd2 20. Ne7+ Kh8
21. Nxc8 Bxe1 22. Nxb6 Rab8 23. Rxe1 Rxb6 24. a4 h6 25. Ne4 Nd5 26. a5 Rbb8 27.
c3 f5 28. Nc5 Rfe8 29. Kc2 Nf4 30. Bc4 Nxg2 31. Rxe6 Ne1+ 32. Kc1 Rxe6 33. Bxe6
f4 34. Bd5 Rd8 35. c4 g5 36. a6 g4 37. a7 g3 38. hxg3 fxg3 39. fxg3 1-0

[Event "17th ch-EU U16 Girls"]
[Site "Sibenik CRO"]
[Date "2007.09.20"]
[Round "7"]
[White "Zeevi, N."]
[Black "Motycakova, M."]
[Result "1-0"]
[WhiteElo "1719"]
[BlackElo "1852"]
[PlyCount "63"]
[EventDate "2007.09.14"]

1. e4 e5 2. Nf3 Nc6 3. Bb5 a6 4. Ba4 Nf6 5. d3 b5 6. Bb3 d5 7. exd5 Nxd5 8. Ng5
Nd4 9. O-O Be7 10. Qh5 g6 11. Qh6 Ne2+ 12. Kh1 Bf8 13. Qh4 Nxc1 14. Rxc1 Bf5
15. Qg3 Bg7 16. Nc3 c6 17. Nce4 h6 18. Nf3 Nf4 19. Re1 O-O 20. h3 Qb6 21. Nh4
Be6 22. Bxe6 Nxe6 23. Nf3 Nf4 24. Qh4 c5 25. Qe7 Ne6 26. Nf6+ Kh8 27. Nd7 Qc7
28. Nfxe5 Bxe5 29. Rxe5 Rfe8 30. Qxf7 Qd6 31. Rae1 Re7 32. Qf6+ 1-0

[Event "17th ch-EU U16 Girls"]
[Site "Sibenik CRO"]
[Date "2007.09.20"]
[Round "7"]
[White "Orehek, S."]
[Black "Starcevic, A."]
[Result "1-0"]
[WhiteElo "1847"]
[BlackElo "1594"]
[PlyCount "71"]
[EventDate "2007.09.14"]

1. e4 c5 2. c3 d5 3. exd5 Qxd5 4. d4 e6 5. Nf3 Nf6 6. Be2 Be7 7. O-O O-O 8. c4
Qd8 9. Nc3 Nc6 10. dxc5 Bxc5 11. a3 a6 12. b4 Be7 13. Bf4 Bd7 14. Na4 Na7 15.
Ne5 Bxa4 16. Qxa4 Qe8 17. Qxe8 Rfxe8 18. Bf3 Rab8 19. Rad1 b5 20. Be3 Nc8 21.
Nc6 Rb7 22. Nxe7+ Rbxe7 23. Bc6 Rf8 24. Bc5 Rc7 25. Bxf8 Kxf8 26. cxb5 axb5 27.
Bxb5 Ke7 28. Rc1 Rxc1 29. Rxc1 Nd6 30. Be2 Nd5 31. b5 Kd7 32. a4 Nb7 33. Bf3
Kd6 34. Kf1 h6 35. b6 Nc5 36. Rxc5 1-0

[Event "17th ch-EU U16 Girls"]
[Site "Sibenik CRO"]
[Date "2007.09.20"]
[Round "7"]
[White "Boric, Ma"]
[Black "Mijatovic, And"]
[Result "1/2-1/2"]
[WhiteElo "1652"]
[BlackElo "1844"]
[PlyCount "90"]
[EventDate "2007.09.14"]

1. d4 d5 2. Nf3 Nf6 3. Bf4 c6 4. c3 e6 5. e3 Be7 6. Bd3 Nbd7 7. h3 O-O 8. O-O
c5 9. Nbd2 c4 10. Bc2 b5 11. e4 dxe4 12. Bxe4 Nxe4 13. Nxe4 Nf6 14. Nxf6+ Bxf6
15. Ne5 Bb7 16. Qg4 Qd5 17. Nf3 Qe4 18. Rfe1 Qg6 19. Qxg6 hxg6 20. Nd2 Rfd8 21.
Ne4 Bxe4 22. Rxe4 a5 23. a3 Ra7 24. Rc1 Rb7 25. Re2 Rc8 26. Bd6 Be7 27. Bxe7
Rxe7 28. Re5 Rb7 29. Rd1 Kf8 30. Kf1 Rd8 31. f4 Rd5 32. Rxd5 exd5 33. Re1 Re7
34. Re5 Rd7 35. Ke2 Rd6 36. Kd2 f6 37. Re3 Kf7 38. Kc2 Re6 39. Rxe6 Kxe6 40. g4
Kf7 41. b3 a4 42. bxa4 bxa4 43. Kd2 g5 44. Ke3 Ke6 45. Kf3 Kf7 1/2-1/2

[Event "17th ch-EU U16 Girls"]
[Site "Sibenik CRO"]
[Date "2007.09.23"]
[Round "9"]
[White "Arce Calva, E."]
[Black "Cacic, S."]
[Result "1-0"]
[WhiteElo "1841"]
[BlackElo "2244"]
[PlyCount "39"]
[EventDate "2007.09.14"]

1. e4 e5 2. Nf3 Nc6 3. d4 exd4 4. Nxd4 Bc5 5. Be3 Qf6 6. c3 Nge7 7. Bc4 O-O 8.
O-O Bb6 9. f4 d6 10. Na3 Nxd4 11. cxd4 Nc6 12. Nc2 Bd7 13. f5 Qe7 14. Qg4 Kh8
15. Rf3 Qf6 16. Rd1 h6 17. Rh3 Kg8 18. Rxh6 Qe7 19. Bg5 Qe8 20. Bf6 1-0